Countries with the most Buddhists - Statistics

General Stats
  • This quiz has been taken 29 times
  • The average score is 9 of 10
Answer Stats
# of Buddhists Country % Correct
244,130,000 China
100%
9,250,000 India
100%
45,820,000 Japan
100%
38,410,000 Myanmar
100%
64,420,000 Thailand
100%
13,690,000 Cambodia
96%
14,380,000 Vietnam
96%
11,050,000 South Korea
86%
5,010,000 Malaysia
82%
14,450,000 Sri Lanka
68%
No matching quizzes found
Score Distribution
Percent of People with Each Score
Percentile by Number Answered
Your Score History
You have not taken this quiz